000 03181nam0a2200457 4500
001 RU\NLR\BIBL_A\012191571
005 20200213110117.0
010 _a978-5-00078-244-6
_9500
021 _aRU
_bКН-П-19-097483
_9КН-П-19-7159
035 _a(NLR Aleph) 012191571
035 _a(RuMoRGB)010203115
090 _a12297943
_c12297943
100 _a20200129d2019 u y0rusy50 ca
101 0 _arus
_deng
_eeng
102 _aRU
105 _aa|||j|||010zy
181 0 _ai
_baxxe
182 0 _an
200 1 _aПравотворческий процесс в Российской Федерации
_dLaw-making process in the Russian Federation
_eучебное пособие для обучающихся образовательных организаций по направлению подготовки 40.04.01 Юриспруденция (уровень магистратуры)
_fМинистерство науки и высшего образования Российской Федерации, Федеральное государственное бюджетное образовательное учреждение высшего образования "Тамбовский государственный университет имени Г.Р. Державина"
_g[О.В. Белянская и др.]
_gответственные редакторы: кандидат юридических наук, доцент В.Ю. Стромов, кандидат юридических наук, доцент А.В. Захаров
_zeng
203 _aТекст
_bвизуальный
_cнепосредственный
210 _aТамбов
_cДержавинский
_d2019
215 _a578 с.
_cтабл.
_d21
300 _aРез. англ.
300 _aНа обл.: Тамбов. гос. ун-т им. Г.Р. Державина, 100 лет, Ин-т права и нац. безопасности, 25 лет
320 _aБиблиогр.: с. 385-389 и в подстроч. примеч.
510 1 _aLaw-making process in the Russian Federation
_zeng
606 1 _aЮридическая техника
_yРоссийская Федерация
_jУчебные издания для высших учебных заведений
_2nlr_sh1
_2nlr_sh2
_3RU\NLR\AUTH\661378588
606 1 _aПравотворчество
_yРоссийская Федерация
_jУчебные издания для высших учебных заведений
_2nlr_sh1
_2nlr_sh2
_3RU\NLR\AUTH\661253419
610 0 _aправотворчество
610 0 _aправотворческий процесс
686 1 _aХ062.030я73
686 1 _aХ062.05я73
702 1 _aБелянская
_bО. В.
_gОльга Викторовна
_4220
702 1 _aСтромов
_bВ. Ю.
_f1977-
_gВладимир Юрьевич
_3RU\NLR\AUTH\7774333
_4340
712 0 2 _aТамбовский государственный университет им. Г. Р. Державина
_3RU\NLR\AUTH\889917219
_4475
942 _cBOOK
980 _aNBR
980 _aNB